000 00666nac a22001931u 4500
020 _a818845835x
082 _a621.38152
_bSh233
090 _c2930
_d2930
100 _aSharma ,Sanjay.
245 _aSold State Devices and Ciruits /
_bSanjay Sharma.
260 _aNew Delhi:[2004]
_bS.K.Kataria and Sons,
_cc.[2004]
300 _a554p.
_bill;
_c25cm.
504 _aIncludes Index.
650 _aSolid state electronics.
650 _aSemiconductors.
700 _aSharma ,Sanjay.
942 _cBB
_k621.38152Sh233
999 _c2930
_d2930